[Event "MARCEL 1st Div Ch-League 2019"]
[Site "Dhaka"]
[Date "2019.11.17"]
[Round "6.10"]
[White "Nurul, Islam"]
[Black "Roy, Prantik"]
[Result "0-1"]
[WhiteElo "1989"]
[BlackElo "2349"]
[Annotator "TA"]
[PlyCount "158"]
[EventDate "2019.11.12"]
[EventCountry "BAN"]
[SourceTitle "playchess.com"]
[Source "ChessBase"]
[SourceQuality "1"]

{[%evp 11,158,35,55,-36,0,0,-7,-12,-6,-15,3,-36,-44,-48,-35,-64,-58,-95,-90,-98,-96,-102,-102,-105,-107,-114,-106,-116,-91,-150,-108,-109,-112,-103,-111,-107,-107,-107,-85,-89,-99,-149,-157,-128,-137,-178,-182,-196,-183,-297,-291,-283,-272,-345,-325,-424,-397,-396,-396,-394,-307,-307,-294,-302,-306,-302,-304,-321,-274,-306,-225,-247,-257,-236,-240,-249,-201,-315,-302,-206,-202,-205,-198,-186,-68,-247,0,-47,-20,-334,-332,-341,-298,-300,-289,-313,-319,-528,-521,-509,-510,-753,-455,-472,-467,-453,-445,-458,-442,-6007,-5505,-2211,-2128,-12195,-11840,-29959,-29959,-29969,-29971,-29972,-10918,-29975,-29974,-29974,-29973,-29980,-29980,-29980,-29981,-29983,-29984,-29984,-29985,-29986,-29987,-29988,-29988,-29995,-29990,-29990,-29991,-29991,-29990,-29990,-29991,-29991,-29992,-29992,-29993]} 1. e4 e6 2. d4 d5 3. Nc3 Bb4 4. e5 Qd7 5. a3 Bxc3+ 6. bxc3 b6 7. Ne2 {C16: French: 3 Nc3 Bb4 4 e5: Lines without ...c5} (7. Qg4 $14 Kf8 8. a4) (7. Qg4 f5 8. Qg3 Nc6 9. h4 Bb7 10. Nh3 O-O-O 11. Nf4 Qf7 12. a4 Nge7 13. Ba3 Rdg8 14. Be2 Na5 15. Qg5 Nec6 16. Rh3 {1-0 (49) Nepomniachtchi,I (2775)-Caruana,F (2819) Paris 2019}) 7... Qa4 $146 ({Predecessor:} 7... Ba6 8. g3 Nc6 9. Bh3 Nge7 10. O-O O-O 11. Re1 Bxe2 12. Qxe2 Na5 13. a4 c5 14. dxc5 bxc5 {½-½ (58) Lorenzana,W (2259)-Aponte Castillo,J (2178) Santa Clara 2018}) 8. Ng3 Ba6 9. Be2 {The position is equal.} Bxe2 10. Qxe2 Qc4 (10... h6 {is interesting.} 11. O-O Ne7 12. Nh5 Rg8 13. Nf4 Nbc6) 11. Bd2 Qxe2+ 12. Nxe2 Nc6 {[%cal Bb8c6,Bc6a5,Ba5c4][%mdl 32]} 13. O-O Nge7 14. f4 h5 15. Rf3 Na5 16. Ng3 g6 17. Nf1 Nc4 18. Bc1 Kd7 19. a4 Rhc8 20. h3 (20. Ne3 $142) 20... h4 21. Ne3 Nxe3 22. Bxe3 c5 23. dxc5 bxc5 24. Rff1 Nf5 25. Bf2 Kc6 26. Rfd1 Rab8 27. Rab1 Rb6 28. Rb3 Rcb8 29. Rdb1 d4 {And now ...Rxb3 would win.} 30. cxd4 (30. c4 $142) 30... cxd4 $19 31. Kf1 Kd5 32. a5 Rxb3 33. cxb3 {[%mdl 4096] Endgame KRB-KRN} Ke4 34. b4 Rb5 35. Be1 Ne3+ 36. Kf2 d3 ({But not} 36... Kxf4 37. Bd2 $17) 37. Rc1 Nc2 38. Bd2 a6 39. g3 hxg3+ 40. Kxg3 Kd4 41. Rb1 Kc4 42. Rc1 Rb8 43. Kf3 Rd8 44. Rb1 (44. Rh1 {was called for.}) 44... Nd4+ 45. Ke3 Rh8 46. Rh1 Nf5+ 47. Kf2 {[#]} Kb3 (47... Kd4 $1 $19 {White must now prevent ...Rc8.} 48. b5 axb5) 48. Kf3 $2 ({White has to play} 48. Rc1 $1 $15) 48... Kc4 $2 ({Black should try} 48... Kc2 $19 49. Rh2 Rd8) 49. Rc1+ Kd4 50. Kg4 $2 {[%mdl 8192]} (50. Rc7 $11 {and White is okay.} Rxh3+ 51. Kg2) 50... Ne3+ 51. Kg3 {White hopes to continue with Bc3+.} Nc2 52. Kg4 Ke4 53. Rb1 Ne3+ 54. Kg3 $2 {[#]} (54. Kg5 {was the only chance.} Nc4 55. Be1) 54... Nc4 55. Bc3 d2 56. b5 axb5 57. Bxd2 Nxd2 58. Rxb5 {KRN-KR} Kf5 59. Rb7 Ne4+ 60. Kf3 (60. Kg2 $142 Kxf4 61. Rxf7+ Kxe5 62. Rf1) 60... Rxh3+ 61. Ke2 Kxf4 62. Rxf7+ Kxe5 63. Rg7 Ra3 64. Rxg6 Rxa5 65. Rh6 Ra2+ (65... Ra3 $142 66. Kd1 Kd5 67. Rh8 Nd6 68. Kc2 e5 69. Rh5 Kd4 70. Rh8 Ra2+ 71. Kb3 Ra6 72. Kc2 e4 73. Rh4 Ra2+ 74. Kb3 Rg2 75. Rf4 Kd3 76. Rf6 Nc4 77. Kb4 e3 78. Rf3 Ke4 79. Rf1 Ne5 80. Ra1 Nf3 81. Kc5 e2 82. Kd6 Rg1 83. Ra4+ Kf5 84. Kc6 e1=Q 85. Rc4 Ne5+ 86. Kb6 Rg6+ 87. Kc7 Qa5+ 88. Kb7 Qb6+ 89. Ka8 Rg8+ 90. Rc8 Rxc8#) 66. Ke3 Ng3 {Black mates.} 67. Rh8 Nf5+ 68. Kf3 Ra3+ 69. Kf2 Kf4 70. Rb8 Ra2+ 71. Ke1 e5 72. Rb1 e4 73. Rb3 Nd4 74. Rb1 Nf3+ 75. Kd1 e3 76. Rb4+ Kg3 77. Re4 Kf2 78. Kc1 e2 79. Kb1 Nd2+ {[%mdl 64] Double Attack. Accuracy: White = 35%, Black = 69%.} 0-1

[Event "MARCEL 1st Div Ch-League 2019"]
[Site "Dhaka"]
[Date "2019.11.17"]
[Round "6.11"]
[White "Nayem, Haque"]
[Black "Bappi, A.b."]
[Result "1-0"]
[WhiteElo "1875"]
[BlackElo "1827"]
[Annotator "NA RC"]
[PlyCount "87"]
[EventDate "2019.11.12"]
[EventCountry "BAN"]
[TimeControl "5400+30"]

1. e4 {[%emt 1:30:30]} e5 {[%emt 1:30:30]} 2. Nf3 {[%emt 0:00:30]} Nc6 {[%emt 0:00:30]} 3. Bc4 {[%emt 0:00:30]} Be7 {[%emt 0:00:30]} 4. O-O {[%emt 0:00:30]} Nf6 {[%emt 0:00:30]} 5. d4 {[%emt 0:00:30]} d6 {[%emt 0:00:30]} 6. dxe5 {[%emt 0:00:30]} Nxe5 {[%emt 0:00:30]} 7. Nxe5 {[%emt 0:00:30]} dxe5 {[%emt 0:00:30]} 8. Qxd8+ {[%emt 0:00:30]} Bxd8 {[%emt 0:00:30]} 9. f3 {[%emt 0:00:30]} O-O {[%emt 0:00:30]} 10. Be3 {[%emt 0:00:30]} c6 {[%emt 0:00:30]} 11. a4 {[%emt 0:00:30]} Bb6 {[%emt 0:00:30]} 12. Kf2 {[%emt 0:00:30]} Nd7 {[%emt 0:00:30]} 13. a5 {[%emt 0:00:30]} Bxe3+ {[%emt 0:00:30]} 14. Kxe3 {[%emt 0:00:30]} Nc5 {[%emt 0:00:30]} 15. Nd2 {[%emt 0:00:30]} Rb8 {[%emt 0:00:30]} 16. Nb3 {[%emt 0:00:30]} Ne6 {[%emt 0:00:30]} 17. Bxe6 {[%emt 0:00:30]} Bxe6 {[%emt 0:00:30]} 18. Nc5 {[%emt 0:00:30]} Rfe8 {[%emt 0:00:30]} 19. Rfd1 {[%emt 0:00:30]} b6 {[%emt 0:00:30]} 20. Nxe6 {[%emt 0:00:30]} Rxe6 {[%emt 0:00:30]} 21. Rd7 {[%emt 0:00:30]} bxa5 {[%emt 0:00:30]} 22. Rxa5 {[%emt 0:00:30]} g6 {[%emt 0:00:30]} 23. b3 {[%emt 0:00:30]} Ra8 {[%emt 0:00:30]} 24. Raxa7 {[%emt 0:00:30]} Rxa7 {[%emt 0:00:30]} 25. Rxa7 {[%emt 0:00:30]} h5 {[%emt 0:00:30]} 26. Rd7 {[%emt 0:00:30]} Kf8 {[%emt 0:00:30]} 27. b4 {[%emt 0:00:30]} Ke8 {[%emt 0:00:30]} 28. Rc7 {[%emt 0:00:30]} g5 {[%emt 0:00:30]} 29. c3 {[%emt 0:00:30]} h4 {[%emt 0:00:30]} 30. g3 {[%emt 0:00:30]} hxg3 {[%emt 0:00:30]} 31. hxg3 {[%emt 0:00:30]} Rh6 {[%emt 0:00:30]} 32. g4 {[%emt 0:00:30]} Rd6 {[%emt 0:00:30]} 33. c4 {[%emt 0:00:30]} Re6 {[%emt 0:00:30]} 34. Rb7 {[%emt 0:00:30]} Rd6 {[%emt 0:00:30]} 35. Rc7 {[%emt 0:00:30]} Re6 {[%emt 0:00:30]} 36. c5 {[%emt 0:00:30]} Rf6 {[%emt 0:00:30]} 37. Rc8+ {[%emt 0:00:30]} Kd7 {[%emt 0:00:30]} 38. Rg8 {[%emt 0:00:30]} Rg6 {[%emt 0:00:30]} 39. Rxg6 {[%emt 0:00:30]} fxg6 {[%emt 0:00:30]} 40. Kd3 {[%emt 0:00:30]} Kc7 {[%emt 0:00:30]} 41. Kc4 {[%emt 0:00:30]} Kb7 {[%emt 0:00:30]} 42. b5 {[%emt 0:00:30]} Kc7 {[%emt 0:00:30]} 43. bxc6 {[%emt 0:00:30]} Kxc6 {[%emt 0:00:30]} 44. Kb4 {[%emt 0:00:30]} 1-0

[Event "MARCEL 1st Div Ch-League 2019"]
[Site "Dhaka"]
[Date "2019.11.17"]
[Round "6.12"]
[White "Khondakar, Nazre Mowla"]
[Black "Islam, Sheik Md. Khairul"]
[Result "1/2-1/2"]
[WhiteElo "1864"]
[BlackElo "1966"]
[Annotator "NA RC"]
[PlyCount "60"]
[EventDate "2019.11.12"]
[EventCountry "BAN"]
[TimeControl "5400+30"]

1. d4 {[%emt 1:30:30]} d5 {[%emt 1:30:30]} 2. c4 {[%emt 0:00:30]} e6 {[%emt 0:00:30]} 3. Nc3 {[%emt 0:00:30]} c6 {[%emt 0:00:30]} 4. Nf3 {[%emt 0:00:30]} Nf6 {[%emt 0:00:30]} 5. Bg5 {[%emt 0:00:30]} Nbd7 {[%emt 0:00:30]} 6. e3 {[%emt 0:00:30]} a6 {[%emt 0:00:30]} 7. Rc1 {[%emt 0:00:30]} Be7 {[%emt 0:00:30]} 8. Bd3 {[%emt 0:00:30]} dxc4 {[%emt 0:00:30]} 9. Bxc4 {[%emt 0:00:30]} b5 {[%emt 0:00:30]} 10. Bd3 {[%emt 0:00:30]} Bb7 {[%emt 0:00:30]} 11. O-O {[%emt 0:00:30]} c5 {[%emt 0:00:30]} 12. dxc5 {[%emt 0:00:30]} Nxc5 {[%emt 0:00:30]} 13. Bb1 {[%emt 0:00:30]} Qb6 {[%emt 0:00:30]} 14. b4 {[%emt 0:00:30]} Nce4 {[%emt 0:00:30]} 15. Nxe4 {[%emt 0:00:30]} Nxe4 {[%emt 0:00:30]} 16. Bxe7 {[%emt 0:00:30]} Kxe7 {[%emt 0:00:30]} 17. Qd4 {[%emt 0:00:30]} Qxd4 {[%emt 0:00:30]} 18. Nxd4 {[%emt 0:00:30]} Rhc8 {[%emt 0:00:30]} 19. Bxe4 {[%emt 0:00:30]} Bxe4 {[%emt 0:00:30]} 20. a3 {[%emt 0:00:30]} Bd5 {[%emt 0:00:30]} 21. f3 {[%emt 0:00:30]} f5 {[%emt 0:00:30]} 22. Kf2 {[%emt 0:00:30]} g6 {[%emt 0:00:30]} 23. Rfd1 {[%emt 0:00:30]} Bc4 {[%emt 0:00:30]} 24. f4 {[%emt 0:00:30]} Ra7 {[%emt 0:00:30]} 25. Rc3 {[%emt 0:00:30]} Rac7 {[%emt 0:00:30]} 26. Rdc1 {[%emt 0:00:30]} Kd6 {[%emt 0:00:30]} 27. Nf3 {[%emt 0:00:30]} h6 {[%emt 0:00:30]} 28. Ne5 {[%emt 0:00:30]} g5 {[%emt 0:00:30]} 29. g3 {[%emt 0:00:30]} g4 {[%emt 0:00:30]} 30. e4 {[%emt 0:00:30]} fxe4 {[%emt 0:00:30]} 1/2-1/2

[Event "MARCEL 1st Div Ch-League 2019"]
[Site "Dhaka"]
[Date "2019.11.18"]
[Round "7.1"]
[White "Md Emdadul, Haque"]
[Black "Badal, Halder"]
[Result "1-0"]
[WhiteElo "2070"]
[BlackElo "1841"]
[Annotator "NA RC"]
[PlyCount "46"]
[EventDate "2019.11.12"]
[EventCountry "BAN"]
[SourceTitle "playchess.com"]
[Source "ChessBase"]
[SourceQuality "1"]
[TimeControl "5400+30"]

{[%evp 10,46,10,32767,4,0,2,-16,0,-41,0,6,30,0,29,16,32,10,38,29,61,43,54,36,70,52,165,175,173,93,214,129,196,159,218,179,177,189,204]} 1. d4 {[%emt 0:00:00]} Nf6 {[%emt 0:00:00]} 2. Nf3 {[%emt 0:00:00]} d5 {[%emt 0:01:44]} 3. e3 {[%emt 0:01:17]} c5 {[%emt 0:01:15]} 4. c3 {[%emt 0:01:13]} e6 {[%emt 0:06:04]} 5. Bd3 {[%emt 0:00:47]} Nc6 {[%emt 0:02:00]} 6. Nbd2 {[%emt 0:00:40]} Be7 {[%emt 0:06:49]} 7. O-O {[%emt 0:01:16]} O-O {[%emt 0:01:43]} 8. Bc2 {[%emt 0:05:39] D05: Colle System with ...e6} (8. dxc5 Bxc5 9. b4 Be7 10. Bb2 a6 11. a4 Bd7 12. e4 Qc7 13. Re1 dxe4 14. Nxe4 Nxe4 15. Bxe4 Bf6 16. Qb1 h6 {0-1 (48) Edouard,R (2658)-Huschenbeth,N (2594) Skopje 2019}) 8... Qc7 {[%emt 0:00:15]} 9. h3 {[%emt 0:01:11]} h6 $146 {[%emt 0:02:41]} ({Predecessor:} 9... e5 10. dxe5 Nxe5 11. Nxe5 Qxe5 12. Nf3 Qh5 13. Bd3 Bd6 14. Be2 Bxh3 15. Ne1 Bg4 {0-1 (28) Vujosevic,S (2065)-Mongeau,D (2005) Canada 1996}) 10. Re1 {[%emt 0:01:04]} cxd4 {[%emt 0:03:40]} 11. exd4 {[%emt 0:04:39]} Bd6 {[%emt 0:01:31]} 12. Nf1 {[%emt 0:02:00]} Bd7 {[%emt 0:04:24]} 13. Qe2 {[%emt 1:10:09]} Rac8 {[%emt 1:08:48]} (13... b5 $5) 14. Bd3 {[%emt 1:07:59]} Rce8 {[%emt 1:09:18]} 15. Ne5 {[%emt 1:06:38]} Bc8 {[%emt 1:09:48]} 16. f4 {[%emt 0:00:30]} Nd7 {[%emt 0:00:30]} 17. Ng3 {[%emt 0:01:00]} Bxe5 {[%emt 0:00:00]} (17... Nf6 $14) 18. fxe5 {[%emt 0:01:30]} ({Don't do} 18. dxe5 $6 f6 $14) 18... f5 {[%emt 0:01:30]} 19. Kh1 {[%emt 0:02:00]} (19. Nh5 $18) 19... Rf7 {[%emt 0:00:00]} (19... Nf6 $16 {was worth a try.}) 20. Nf1 {[%emt 0:02:30]} g5 {[%emt 0:00:00]} (20... Nb6 $16 21. b3 Ne7) 21. Qh5 {[%emt 0:03:00]} Kg7 {[%emt 0:03:00]} 22. h4 {[%emt 0:03:30]} Rh8 {[%emt 0:03:30]} 23. Nh2 {[%emt 0:04:00]} Qd8 $18 {[%emt 0:04:00]} 1-0

[Event "MARCEL 1st Div Ch-League 2019"]
[Site "Dhaka"]
[Date "2019.11.18"]
[Round "7.2"]
[White "Suvradeepta, Das"]
[Black "Utsab Chatterjee"]
[Result "1/2-1/2"]
[WhiteElo "1997"]
[BlackElo "2225"]
[Annotator "TA"]
[PlyCount "141"]
[EventDate "2019.11.12"]
[EventCountry "BAN"]
[SourceTitle "playchess.com"]
[Source "ChessBase"]
[SourceQuality "1"]

{[%evp 21,140,26,16,0,0,0,0,0,46,44,43,32,41,44,43,15,23,0,0,0,24,-10,11,9,12,0,0,0,37,56,44,44,41,20,25,-19,60,71,52,22,22,16,35,38,43,-38,0,-24,0,-29,12,-46,0,-6,0,0,0,0,0,0,0,0,0,2,15,0,0,0,0,0,0,0,0,0,0,0,0,0,0,0,0,0,0,0,0,0,0,0,0,0,0,0,0,0,0,0,0,0,0,0,0,0,0,0,0,0,0,0,0,0,0,0,0,0,0,0,0,0,0,0,0]} 1. d4 d5 2. c4 e6 3. Nf3 Nf6 4. g3 Be7 5. Bg2 O-O 6. O-O dxc4 7. Qc2 a6 8. a4 Bd7 9. Qxc4 Bc6 10. Bg5 Bd5 11. Qc2 Be4 12. Qc4 {E05: Open Catalan: 5 Nf3 Be7} (12. Qc1 h6 13. Bxf6 Bxf6 14. Rd1 a5 15. Nbd2 Bxf3 16. Bxf3 c6 17. Nb3 Na6 18. h4 Qb6 19. Qc3 Rfd8 20. e3 Nb4 {½-½ (34) Rapport,R (2735)-Wang,H (2737) Danzhou 2019}) 12... Nc6 13. Nbd2 {[%cal Bb1d2,Bd2f3,Bf3e5,Be5d3,Bd3c5][%mdl 32]} Bd5 14. Qc2 $146 ({Predecessor:} 14. Qd3 Nb4 15. Qc3 a5 16. Rfc1 Bc6 17. Qb3 Rc8 18. Nc4 Bd5 19. Nfe5 Bxg2 20. Kxg2 Qxd4 {1-0 (49) Monasterio,M (2283)-Frignani,G (1766) IECG email 2004}) 14... Bxf3 (14... Nb4 $5 {[%cal Rb4c2]} 15. Qc3 a5 $11) 15. Nxf3 Nb4 16. Qb3 a5 17. Rac1 c6 18. Rfd1 Qd5 19. Qxd5 (19. Qe3 {feels hotter.} h6 20. Ne5 Qd8 21. Bxf6 Bxf6 22. h4) 19... exd5 20. Ne5 Rfd8 21. Nd3 Na6 22. Bd2 Nb4 23. Be1 h6 24. Nc5 b6 (24... Ra7 {is interesting.} 25. Bf3 Re8 26. h4 Bd6 27. Bd2 Na2) 25. Bxb4 axb4 26. Nd3 Rac8 27. b3 g5 28. Rc2 Rc7 ({Black should play} 28... c5 $11) 29. Rdc1 $14 Rdc8 30. Bh3 g4 31. Bg2 Bd6 32. f3 {Hoping for e4.} c5 33. Nb2 (33. a5 $14 bxa5 34. dxc5) 33... gxf3 34. Bxf3 Kg7 35. Kf1 h5 (35... cxd4 $5 {[%cal Rc7c2]} 36. Rxc7 Rxc7 37. Rxc7 Bxc7 $11) 36. Kg2 (36. dxc5 $11 Rxc5 37. Rxc5 bxc5 38. a5) 36... h4 (36... c4 $5) 37. dxc5 {The position is equal.} bxc5 (37... Rxc5 {seems wilder.} 38. Rxc5 bxc5 39. gxh4 Be5 40. Nd1 c4) 38. Rd1 hxg3 39. hxg3 Be5 40. Bxd5 Bxb2 $1 41. Rxb2 Rd8 (41... Rd7 $5 42. e4 $8 Nxe4 $14) 42. e4 $1 {Threatening Rbd2.} Nxe4 {[#] Threatens to win with ...Nc3.} 43. Re1 Nxg3 44. Bxf7 Rxf7 45. Kxg3 $11 {[%mdl 4096] Endgame KRR-KRR} Rd6 (45... Rg8 {is more complex.} 46. Kh2 Kf8 47. Rg2 Rh8+ 48. Kg3 c4) 46. Re4 Rd3+ 47. Kg2 Rc3 48. Ree2 Kf8 49. Rec2 Rff3 50. Rxc3 bxc3 {KR-KR} 51. Rc2 Rd3 {( -> ...Rd2+)} 52. Kf2 Ke7 53. Ke2 Rh3 54. Kd1 Kd6 55. Rg2 c2+ {[%mdl 64] [#] Discovered Attack} 56. Kxc2 c4 57. Rg6+ Kc5 58. Rg5+ Kb4 59. Rb5+ Ka3 60. bxc4 Kxa4 61. Rb8 Ka5 (61... Rh4 {keeps more tension.}) 62. Rb3 Rxb3 63. Kxb3 {KP-K} Kb6 64. Kb4 Kc6 65. c5 {[%cal Bc4c5,Bc5c6,Bc6c7][%mdl 32]} Kc7 66. Kb5 Kb7 67. c6+ Kc7 68. Kc5 Kc8 69. Kb6 Kb8 70. c7+ Kc8 71. Kc6 {Accuracy: White = 52%, Black = 71%.} 1/2-1/2

[Event "MARCEL 1st Div Ch-League 2019"]
[Site "Dhaka"]
[Date "2019.11.18"]
[Round "7.3"]
[White "Islam, Mohammad Aminul"]
[Black "Sarbojit Paul"]
[Result "0-1"]
[WhiteElo "2078"]
[BlackElo "2074"]
[Annotator "NA RC"]
[PlyCount "112"]
[EventDate "2019.11.12"]
[EventCountry "BAN"]
[SourceTitle "playchess.com"]
[Source "ChessBase"]
[SourceQuality "1"]
[TimeControl "5400+30"]

{[%evp 15,112,-5,32767,12,22,15,21,24,48,41,42,38,37,50,54,0,8,0,38,22,22,0,36,46,33,40,98,95,156,157,179,175,164,82,147,146,132,129,158,135,130,134,143,129,172,181,167,28,32767,32767,32767,32767,32767,32767,32767,-11,-13,0,-12,-21,32767,-73,-16,-12,0,-52,0,-7,0,-57,-42,-56,-48,-70,-74,-65,-69,-97,-60,-69,-87,-99,-84,-103,-106,-109,-87,-98,-108,-258,-291,-295,-293,32767,32767,-619,-676,-1283,-1568]} 1. c4 {[%emt 0:00:00]} Nf6 {[%emt 0:00:35]} 2. g3 {[%emt 0:00:56]} g6 {[%emt 0:00:28]} 3. Bg2 {[%emt 0:00:19]} Bg7 {[%emt 0:00:06]} 4. Nc3 {[%emt 0:00:42]} d6 {[%emt 0:00:05]} 5. Nf3 {[%emt 1:30:33]} Nc6 {[%emt 1:31:16]} 6. O-O {[%emt 0:01:20]} O-O {[%emt 0:00:06]} 7. d3 {[%emt 0:02:00]} e5 {[%emt 0:00:44]} 8. Bd2 {[%emt 0:01:26]} Nd7 {[%emt 1:31:41] A26: English Opening vs King's Indian with ...Nc6 and d3} (8... Re8 9. e4 a6 10. a3 Bg4 11. h3 Bxf3 12. Bxf3 Nd7 13. Bg2 Nd4 14. Be3 a5 15. b4 axb4 16. axb4 Rxa1 17. Qxa1 {0-1 (77) Stefanova,A (2505)-Mamedov,R (2655) Almaty 2016}) 9. Rb1 {[%emt 0:01:04]} f5 {[%emt 0:02:26]} 10. Bg5 {[%emt 0:02:50]} Nf6 {[%emt 1:25:04]} 11. Nd5 {[%emt 0:00:21]} Ne7 {[%emt 0:03:42]} 12. Bxf6 {[%emt 0:00:37]} Bxf6 {[%emt 0:01:49]} 13. Nxf6+ {[%emt 0:07:38]} Rxf6 {[%emt 0:00:05]} 14. b4 $146 {[%emt 0:00:20]} ({Predecessor:} 14. Nd2 g5 15. d4 exd4 16. Nf3 {1-0 (37) Mai,A (1970)-Fjallheim,L (1720) Kopavogur 2018}) 14... h6 {[%emt 0:04:12]} 15. c5 {[%emt 0:01:25]} Be6 {[%emt 0:03:58]} 16. Qd2 {[%emt 0:00:37]} Kg7 {[%emt 0:01:57]} 17. Rfc1 {[%emt 1:15:42]} g5 {[%emt 0:05:38]} 18. Rb2 {[%emt 0:01:51]} g4 {[%emt 1:04:16]} 19. Nh4 {[%emt 0:04:02]} d5 {[%emt 0:10:58]} 20. f4 {[%emt 0:20:14]} gxf3 {[%emt 0:16:09]} (20... e4 $14) 21. exf3 {[%emt 0:04:35]} Bg8 {[%emt 0:09:05]} (21... b5 $142) 22. Re1 {[%emt 0:03:30]} Re6 {[%emt 0:00:03]} 23. Bh3 {[%emt 0:03:45]} Qf8 {[%emt 0:02:10]} 24. d4 {[%emt 0:08:06]} ({White should play} 24. f4) 24... Qf6 {[%emt 0:03:06]} ({Better is} 24... exd4 25. Rbb1 (25. Qxd4+ Qf6 $11) 25... Qf6) 25. dxe5 {[%emt 0:01:32]} Rxe5 {[%emt 0:00:00]} 26. Rxe5 {[%emt 0:00:43]} Qxe5 {[%emt 0:00:01]} 27. Rb1 {[%emt 0:31:35]} Be6 {[%emt 0:05:00] [#]} 28. Re1 $1 {[%emt 0:02:16]} Qf6 {[%emt 0:00:01]} 29. Qf4 {[%emt 0:01:52]} Rd8 {[%emt 0:04:38]} 30. Qxc7 {[%emt 0:04:47]} Rd7 {[%emt 0:00:52] [#]} 31. Qe5 {[%emt 0:00:39]} ({White should play} 31. Qf4 $1 $18) 31... Qxe5 {[%emt 0:00:09]} 32. Rxe5 {[%emt 0:00:12]} Kf6 {[%emt 0:00:18]} 33. f4 {[%emt 0:04:05]} d4 {[%emt 0:00:19]} 34. Nf3 {[%emt 0:02:25]} Nc6 {[%emt 0:15:06]} 35. Re2 {[%emt 0:03:49]} Nxb4 {[%emt 0:00:40]} 36. a3 {[%emt 0:02:26]} Nc6 {[%emt 0:05:46]} 37. Rb2 {[%emt 0:02:06]} Bd5 {[%emt 0:01:46]} 38. Nd2 {[%emt 0:00:28]} Re7 {[%emt 0:01:07]} 39. Kf2 {[%emt 0:12:17]} Nd8 {[%emt 0:03:31]} 40. Rb4 {[%emt 0:04:01]} Nc6 {[%emt 0:04:18]} 41. Rb2 {[%emt 0:00:44]} Nd8 {[%emt 0:00:03]} 42. Rb4 {[%emt 0:00:35]} Ne6 {[%emt 0:00:12]} 43. Bf1 {[%emt 0:02:58]} Rc7 {[%emt 0:00:22]} 44. Bc4 {[%emt 0:00:53]} Bxc4 {[%emt 0:00:31]} ({Reject} 44... Rxc5 $6 45. Bxd5 Rxd5 46. Rxb7 $11) 45. Nxc4 {[%emt 0:00:57]} Rxc5 {[%emt 0:01:33]} 46. Ne5 {[%emt 0:00:46]} Rc2+ {[%emt 0:04:19]} 47. Ke1 {[%emt 0:00:22]} b6 {[%emt 0:04:26]} ({Of course not} 47... Rxh2 $6 48. Rxb7 Nc5 49. Rxa7 $11) 48. Ra4 {[%emt 0:00:31]} Rc7 {[%emt 0:01:41]} 49. Kd2 {[%emt 0:00:15]} Nc5 {[%emt 0:00:20]} 50. Rb4 {[%emt 0:00:43]} Ke6 {[%emt 0:01:43]} 51. Nf3 {[%emt 0:01:40]} Ne4+ {[%emt 0:02:20]} 52. Kd1 $2 {[%emt 0:01:09]} (52. Ke2 $17) 52... d3 {[%emt 0:00:37]} 53. Rd4 {[%emt 0:01:31]} Rc3 {[%emt 0:00:44]} 54. g4 {[%emt 0:00:55]} Rxa3 {[%emt 0:00:40]} 55. gxf5+ {[%emt 0:00:33]} Kxf5 {[%emt 0:00:00]} 56. Nh4+ {[%emt 0:00:21]} Kxf4 $19 {[%emt 0:00:13]} 0-1